Score 0/10 Timer 01:00
0 Plays Today
Clue 4-Letter Word % Correct
Where a bird broodsNEST
96.9%
Word that when doubled follows Chitty or Kiss doubledBANG
91.2%
Microsoft's search engineBING
90.1%
Complement to trebleBASS
86.5%
Famous Untouchable EliotNESS
84.2%
Mrs. Harry TrumanBESS
82.3%
Lay out in the sunBASK
81.9%
La Rive Gauche = The Left ___BANK
79.7%
Aaron Sorkin's presidency masterpiece: 'The [First Rung] [Last rung]'WEST
67%
Aaron Sorkin's presidency masterpiece: 'The [First Rung] [Last rung]'WING
65.6%

Today's Daily Dose

Missing Word
Lizzo Songs

Get the Picture
The Longest Rivers

Remove Ads.
Support Sporcle.
Get the best of Sporcle when you Go Orange. This ad-free experience offers more features, more stats, and more fun while also helping to support Sporcle. Thank you for becoming a member.

You're not logged in!

Compare scores with friends on all Sporcle quizzes.
OR
Log In

Show Comments

Extras

Top Quizzes Today


Score Distribution

Your Account Isn't Verified!

In order to create a playlist on Sporcle, you need to verify the email address you used during registration. Go to your Sporcle Settings to finish the process.

Report this User

Report this user for behavior that violates our Community Guidelines.

Details: